Facultad de Derecho – Universidad Nacional de Mar del Plata

Còdigo Civil y Comercial de la Naciòn (Record no. 4108)

MARC details
000 -CABECERA
campo de control de longitud fija 00394nam a22001577a 4500
020 ## - NUMERO INTERNACIONAL NORMALIZADO PARA LIBROS (ISBN)
International Standard Book Number 9789873720130
080 ## - NUMERO DE CLASIFICACION DECIMAL UNIVERSAL (CDU)
Número de la Clasificación Decimal Universal 347 (094.4) C 498
245 ## - MENCION DE TITULO
Título propiamente dicho Còdigo Civil y Comercial de la Naciòn
260 ## - PUBLICACION, DISTRIBUCION, ETC. (PIE DE IMPRENTA)
Lugar de publicación, distribución, etc. Buenos Aires
Nombre del editor, distribuidor, etc. Infojus
Fecha de publicación, distribución, etc. 2014
300 ## - DESCRIPCION FISICA
Extensión 544 P.
Dimensiones 23 X 16 Cm.
650 ## - ASIENTO SECUNDARIO DE MATERIA - TERMINO TEMATICO
Subdivisión general Còdigo Civil
650 ## - ASIENTO SECUNDARIO DE MATERIA - TERMINO TEMATICO
Subdivisión general codigo comercial
650 ## - ASIENTO SECUNDARIO DE MATERIA - TERMINO TEMATICO
Subdivisión general Ley 26994
945 ## - INFORMACION DE PROCESAMIENTO LOCAL
Responsable de carga/modificación Celeste Delía
AAAA-MM-DD - Fecha de ingreso/modificación 2015-08-14
942 ## - ELEMENTOS AGREGADOS (KOHA)
Clasificación normalizada de Koha para alfabetizar _
Holdings
Retirado Perdido Dañado No se presta Ubicación permanente Locación actual Estante o sala Fecha de adquisición Total préstamos Signatura topográfica Inventario Ultima fecha vista Fecha del precio Tipo de item de Koha Prestado Ultima fecha prestado Fuente de clasificación Total renovaciones
        Bib. Derecho Bib. Derecho Biblioteca Graduados 14/08/2015   347 (094.4) C 498 301518 14/08/2015 14/08/2015 LIBRO (Consulta)        
        Bib. Derecho Bib. Derecho Biblioteca Graduados 14/08/2015 1 347 (094.4) C 498 301519 19/02/2016 14/08/2015 LIBRO 08/07/2016 19/02/2016    
        Bib. Derecho Bib. Derecho Sector Prestamo 16/03/2016 24 347 (094.4) C 498 204165 13/10/2025 16/03/2016 LIBRO   01/10/2025   11
        Bib. Derecho Bib. Derecho Sector Prestamo 21/05/2024 8 347 (094.4) C 498 204491 26/09/2025 21/05/2024 LIBRO 03/10/2025 26/09/2025   2

XHTML | CSS | ©Biblioteca Central - Dto. Tecnología de la Información - [ Con tecnología Koha ]